| 000 | 01430cam a22003731i 4500 | ||
|---|---|---|---|
| 003 | SA-RiAUC | ||
| 005 | 20250713143613.0 | ||
| 008 | 250712s1999 le g b 00100 ara c | ||
| 020 | _a1855163918 | ||
| 020 | _a1 85516 391 8 | ||
| 040 |
_aSA-RiAUC _bara _cSA-RiAUC _erda |
||
| 082 | 0 | 4 |
_a214.2 _qSA-RiAUC |
| 090 |
_a214.2 _bع م ي |
||
| 090 | _aH. 5954 | ||
| 100 | 1 |
_aالعميم، علي، _d1964- _eمؤلف. |
|
| 245 | 1 | 2 |
_aالعلمانية والممانعة الإسلامية : _bمحاورات في النهضة والحداثة / _cعلي العميم. |
| 250 | _aالطبعة الأولى. | ||
| 264 | 1 |
_aبيروت : _bدار الساقي، _c1999. |
|
| 300 |
_a358 صفحة ؛ _c24 سم |
||
| 336 |
_aنص _btxt _2rdacontent _3كتاب |
||
| 337 |
_aبدون وسيط _bn _2rdamedia |
||
| 338 |
_aمجلد _bnc _2rdacarrier |
||
| 500 | _aحوارات مع مجموعة من المفكرين. | ||
| 500 | _aكشافات : صفحة 349-358. | ||
| 504 | _aيشتمل على إرجاعات ببليوجرافية. | ||
| 650 | 7 |
_aالإسلام والعلمانية _2aucsh |
|
| 650 | 7 |
_aالإسلام _xدفع مطاعن _2aucsh |
|
| 650 | 7 |
_aالإسلام والسياسة _2aucsh |
|
| 650 | 7 |
_aالعلمانية _2aucsh |
|
| 650 | 7 |
_aالإسلام والطب _2aucsh |
|
| 650 | 7 |
_aالإسلام والحداثة (أدب) _2aucsh |
|
| 942 |
_2ddc _cBOOK _n0 |
||
| 949 |
_aSA-JeALM _d250712 _uosman123 _n1 |
||
| 999 |
_c9895 _d9895 |
||